| 000 | 00977nam a2200205 i 4500 | ||
|---|---|---|---|
| 001 | 45293 | ||
| 003 | ES-MaACL | ||
| 005 | 20230906161207.0 | ||
| 007 | t| | ||
| 008 | 030325s1925 fr ||||1| fre d | ||
| 245 | 0 | 4 |
_aLes codes de la Russie soviétique / _ctraduits par Jules Patouillet et Raoul Dufour ; préfaces et introductions de Jules Patouillet, Edouars Lambert et Pierre Garraud. |
| 260 |
_aParis : _bM. Giard, _c1925. |
||
| 300 |
_a2 v. ; _c23 cm. |
||
| 505 | 8 | _aContiene: V. I: Code de la famille / traduit par Jules Patonillet. Code civil / traduit par Jules Patonillet et Raoul Dufour ; avec préface et introduction par Edouard Lambert et Jules Patonillet. -- V. II: Code du travail. Code agraire. Code forestier. Code minier. Code Veterinaire / traduits par Jules Patonille | |
| 650 | 0 | 4 |
_aDerecho- _zURSS. _911635 |
| 700 | 1 |
_aDufour, Raoul. _945905 |
|
| 700 | 1 |
_aLambert, Edouard. _969808 |
|
| 700 | 0 |
_aPatouillet, J. _989584 |
|
| 852 |
_aES-MaACL _jB-5486-87 |
||
| 999 |
_c45293 _d45293 |
||